| 000 | 01160nam a2200265 a 4500 | ||
|---|---|---|---|
| 001 | BRCA_1105 | ||
| 005 | 20190320203300.0 | ||
| 008 | 020212s2002 dcua---##b---#001-0#eng-# | ||
| 020 | _a0894682946 | ||
| 040 |
_aDLC _cDLC _dDLC |
||
| 050 | 4 |
_aNK805 _b.C66 2002 |
|
| 100 | 1 |
_aCooper, Wendy A. _93640 |
|
| 245 | 1 | 0 |
_aAn American Vision _bHenry Francis du Pont´s Winterthur Museum _cWendy A. Cooper with the assistance of Tara L. Gleason and Katharine A. John. |
| 260 |
_aWashington, D.C. _bNational Gallery of Art : Winterthur Museum : Garden and Library Delaware _c2002 |
||
| 300 |
_a214 p. _bil. a color _c28 cm. |
||
| 500 | _aCatálogo de la exposición realizada en la Gallery en Washington, D.C., 5 mayo - 6 octubre, 2002 | ||
| 500 | _aIncluye índice alfabético e índice de ilustraciones | ||
| 504 | _aBibliografía: p. 190-196 | ||
| 610 | 2 | 4 |
_aHenry Francis du Pont Winterthur Museum _vExposiciones _93641 |
| 650 | 1 | 4 |
_aArtes decorativas _vExposiciones _zEstados Unidos _93642 |
| 650 | 1 | 4 |
_aArtes decorativas _vExposiciones _zDelaware (Estados Unidos) _93643 |
| 700 | 1 |
_aGleason, Tara Louise _93644 |
|
| 700 | 1 |
_aJohn, Katharine A _93645 |
|
| 942 |
_2lcc _cB |
||
| 999 |
_c984 _d984 |
||